Statistics for Rock and Roll Hall of Fame - Early Influences Inductees

Click here to take the quiz!

General Stats

  • This quiz has been taken 19 times
  • The average score is 5 of 32

Answer Stats

Hint Answer % Correct
1986Robert Johnson
65%
1989Bessie Smith
47%
1992Elmore James
35%
1990Ma Rainey
35%
1991Howlin Wolf
29%
1987Hank Williams
29%
1988Les Paul
18%
2009Wanda Jackson
18%
1987T-Bone walker
18%
1997Mahalia Jackson
18%
1988Woody Guthrie
18%
2000Billie Holiday
18%
2000Nat King Cole
12%
1990Louis Armstrong
12%
1999Charles Brown
12%
2012Freddie King
12%
1987Louis Jordan
6%
1994Willie Dixon
6%
1999Bob Wills and his Texas Playboys
6%
1996Pete Seeger
6%
2015The "5" Royales
6%
1998Jelly Roll Morton
6%
1990Charlie Christian
6%
1988Lead Belly
6%
1997Bill Monroe
6%
1986Jimmie Rodgers
6%
1989The Ink Spots
6%
1995The Orioles
0%
1989The Soul Stirrers
0%
1992Professor Longhair
0%
1986Jimmy Yancey
0%
1993Dinah Washington
0%

Score Distribution

Percentile by Number Answered

Percent of People with Each Score

Your Score History

You have not taken this quiz